00554nam a22001457a 450000500170000000800410001704100080005804400070006610000290007324501420010226000930024430000220033765000090035965100400036820180803165522.0131205b xxu||||| |||| 00| 0 spa d aspa ack1 aMárquez-Reyes, César10aEspecies de aves rapaces diurnas presentes en las cuchillas Buenavista y San Agustín :bTextos e ilustracionescCésar Márquez-Reyes as.l.bInstituto de Investigación de Recursos Biológicos Alexander von Humboldtcs.f. a26 pbil.c28 cm. aAves aColombiazBuenavistazSan Agustín